| 000 | 00706nam a2200217 a 4500 | ||
|---|---|---|---|
| 001 | 000028216 | ||
| 003 | BNPHU | ||
| 005 | 20260427110816.0 | ||
| 008 | 110407s1936 dr 000 0 spa d | ||
| 040 |
_aDO-SdBNP _bspa _cBNPHU |
||
| 082 | 4 |
_aRD863.42 _bH117a _222 |
|
| 100 | 1 |
_aHache S., Pedro O. _955115 |
|
| 245 | 1 | 3 |
_aEl asesinato del dominicano Satander en New York / : _bPedro O. Hache S. |
| 260 |
_aSantiago, República Dominicana : _bCorazón de Jesús, _c[19--?]. |
||
| 300 |
_a44 mp. ; _c18 cm. |
||
| 590 | _aInventariado, 2019 / DG | ||
| 650 | 4 |
_aCuentos dominicanos _9176 |
|
| 650 | 4 |
_aLiteratura dominicana _ySiglo XX _985167 |
|
| 910 | _aValidado. Control de calidad MFF | ||
| 942 |
_2ddc _cLBS1 |
||
| 999 |
_c27708 _d27708 |
||